| 000 | naa a22 a 4500 | ||
|---|---|---|---|
| 999 |
_c322811 _d322811 |
||
| 003 | BLK | ||
| 005 | 20181013145433.0 | ||
| 008 | 180911b bul||||| |||| 00| 0 bul d | ||
| 020 | _a978-619-222-140-9 | ||
| 040 | _aBLK | ||
| 041 |
_aBUL _cBUL |
||
| 080 |
_aМетодика по музика. Музика - учебни предмети _b372.878 _x(072)(075.2) _z372.878(072)(075.2) |
||
| 100 |
_aМинчева, Пенка Пенчева _9390033 |
||
| 139 | _aМинчева, Пенка Пенчева и др. | ||
| 245 |
_aМузика за VІ клас _bКнига за учителя _cПенка Минчева, Красимира Филева, Светла Христова |
||
| 260 |
_bПросвета плюс _c2017 _aСофия |
||
| 300 |
_a107 с. : с табл., ноти _c24 см |
||
| 380 | _a3 | ||
| 500 | _aЗагл. в изд. каре: Книга за учителя по музика за 6. клас | ||
| 650 | 7 |
_9162891 _aМузика - методика на преподаването - за основни училища |
|
| 653 | 7 |
_9191499 _aмузика |
|
| 653 | 7 |
_9188733 _aкнига за учителя |
|
| 653 | 7 |
_9180184 _aVІ кл. |
|
| 700 |
_9258515 _aФилева, Красимира Георгиева _eсъавт. |
||
| 700 |
_9292059 _aХристова, Светла Христова _eсъавт. |
||
| 852 | _aЦб 289436 | ||
| 942 |
_cKNG _2udc _n0 |
||
| 999 | _d322811 | ||